<?xml version="1.0" encoding="UTF-8"?>
<record
    xmlns:xsi="http://www.w3.org/2001/XMLSchema-instance"
    xsi:schemaLocation="http://www.loc.gov/MARC21/slim http://www.loc.gov/standards/marcxml/schema/MARC21slim.xsd"
    xmlns="http://www.loc.gov/MARC21/slim">

  <leader>05504njm a2200673Ia 4500</leader>
  <controlfield tag="001">25699</controlfield>
  <controlfield tag="003">IT-RoPAU</controlfield>
  <controlfield tag="005">20220918181120.0</controlfield>
  <controlfield tag="008">131025s9999    xx            000 0 und d</controlfield>
  <datafield tag="040" ind1=" " ind2=" ">
    <subfield code="a">IT-RoPAU</subfield>
  </datafield>
  <datafield tag="040" ind1=" " ind2=" ">
    <subfield code="c">IT-RoPAU</subfield>
  </datafield>
  <datafield tag="999" ind1=" " ind2=" ">
    <subfield code="c">99722</subfield>
    <subfield code="d">99722</subfield>
  </datafield>
  <datafield tag="999" ind1=" " ind2=" ">
    <subfield code="b">n.d.</subfield>
  </datafield>
  <datafield tag="100" ind1=" " ind2=" ">
    <subfield code="a">AA.VV.</subfield>
    <subfield code="9">794</subfield>
  </datafield>
  <datafield tag="100" ind1=" " ind2=" ">
    <subfield code="e">Autore musica</subfield>
    <subfield code="9">13869</subfield>
  </datafield>
  <datafield tag="100" ind1=" " ind2=" ">
    <subfield code="g">Codice autore musica SPICS: 12000</subfield>
    <subfield code="9">796</subfield>
  </datafield>
  <datafield tag="245" ind1=" " ind2=" ">
    <subfield code="a">Fats Waller</subfield>
  </datafield>
  <datafield tag="250" ind1=" " ind2=" ">
    <subfield code="a">2a ed.</subfield>
  </datafield>
  <datafield tag="260" ind1=" " ind2=" ">
    <subfield code="a">MILANO</subfield>
  </datafield>
  <datafield tag="260" ind1=" " ind2=" ">
    <subfield code="b">RUSCONI</subfield>
    <subfield code="c">1984 [1a Ed.:]</subfield>
  </datafield>
  <datafield tag="300" ind1=" " ind2=" ">
    <subfield code="a">DISCO</subfield>
  </datafield>
  <datafield tag="300" ind1=" " ind2=" ">
    <subfield code="c">52 minuti (Testo:  pag.)</subfield>
  </datafield>
  <datafield tag="500" ind1=" " ind2=" ">
    <subfield code="a">Musica jazz. Carriera di Fats Waller dal suo esordio. Pianoforte</subfield>
  </datafield>
  <datafield tag="505" ind1=" " ind2=" ">
    <subfield code="a">Muscle Shoals Blues [(New York, 1922) (4:00)] - Squeeze Me [(New York, febbraio 1926) (3:00)] - Saint Louis Blues [(Camden, N.J., 17 novembre 1926) (3:00)] - Clothes Line Ballet [(New York, 16 novembre 1934) (4:00)] - Stardust [(New York, 11 giugno 1937) (4:00)] - Rockin Chair [(New York, 14 maggio 1941) (4:00)] - Lonesome Road [(Londra, 29 agosto 1938) (3:00)] - Royal Garden Blues [(New York, 5 marzo 1931) (4:00)] - Serenade For a Wealthy Widow [(New York, 28 settembre 1934) (3:00)] - Sweet and Slow [(New York, 8 maggio 1935) (4:00)] - I'm Gonna Sit Right Down and Write Myself a Letter [(New York, 8 maggio 1935) (4:00)] - A Hopeless Love Affair [(New York, 7 ottobre 1937) (4:00)] - Blues [(New York, 24 marzo 1937) (3:00)] - Your Feet's Too Big [(New York, 3 novembre 1939) (4:00)] - The Jitterbug Waltz [(New York, 16 marzo 1942) (4:00)] - Ain't Misbehavin' [(New York, 23 gennaio 1943) (3:00)]</subfield>
  </datafield>
  <datafield tag="511" ind1=" " ind2=" ">
    <subfield code="a">Waller Fats: pianoforte solo</subfield>
  </datafield>
  <datafield tag="511" ind1=" " ind2=" ">
    <subfield code="a">Waller Fats: pianoforte solo; registrazione tratta da un rullo di pianola</subfield>
  </datafield>
  <datafield tag="511" ind1=" " ind2=" ">
    <subfield code="a">Waller Fats: organo solo</subfield>
  </datafield>
  <datafield tag="511" ind1=" " ind2=" ">
    <subfield code="a">Waller Fats: pianoforte solo</subfield>
  </datafield>
  <datafield tag="511" ind1=" " ind2=" ">
    <subfield code="a">Waller Fats: organo solo</subfield>
  </datafield>
  <datafield tag="511" ind1=" " ind2=" ">
    <subfield code="a">Spanier Muggsy: corn; Klein Dave: tr; Brunies George: trne; Goodman Benny: cl; Lewis Ted: cl; Murray Don: alto; Freeman Bud: ten; Shapiro Sam: viol; Klein Sol: viol; Waller Thomas Fats: p, voce; Gerardi Tony: chit; Barth Harry: cb; Lucas John: batt e un fisarmonicista sconosciuto; Ted Lewis and his Band</subfield>
  </datafield>
  <datafield tag="511" ind1=" " ind2=" ">
    <subfield code="a">Waller Fats: p, voc; Autrey Herman: tr; O'Brien Floyd: trne; Mezzrow Milton: cl; Casey Al: chit; Taylor Billy: cb; Dial Harry: batt</subfield>
  </datafield>
  <datafield tag="511" ind1=" " ind2=" ">
    <subfield code="a">Waller Fats: p, voce; Autrey Herman: tr; Powell Rudy: cl, alto; Casey Al: chit; Turner Charles: cb; Dial Harry: batt</subfield>
  </datafield>
  <datafield tag="511" ind1=" " ind2=" ">
    <subfield code="a">Waller Fats: p, voce; Autrey Herman: tr; Sedric Gene: cl, ten; Casey Al: chit; Turner Charles: cb; Jones Slick: batt</subfield>
  </datafield>
  <datafield tag="511" ind1=" " ind2=" ">
    <subfield code="a">Waller Fats: p; Berigan Bunny: tr; Dorsey Tommy: trne; McDonough Dick: chit; Wettling George: batt</subfield>
  </datafield>
  <datafield tag="511" ind1=" " ind2=" ">
    <subfield code="a">Waller Fats: p, voce; Hamilton Bugs: tr; Sedric Gene: cl, ten; Smith John: chit; Wallace Cedric: cb; Jones Slick: batt</subfield>
  </datafield>
  <datafield tag="511" ind1=" " ind2=" ">
    <subfield code="a">Waller Fats: org; Autrey Herman: tr; Hamilton Bugs: tr; Thomas J.: tr; Williams N.: tr; Flemming Herb: trne; Wilson George: trne; James G.: alto; Fields L.: alto; Sedric Gene: cl, ten; Carroll Bob: ten; Casey Al: chit; Wallace Cedric: cb; Trappier Arthur: batt</subfield>
  </datafield>
  <datafield tag="511" ind1=" " ind2=" ">
    <subfield code="a">Waller Fats: p, voce; Carter Benny: tr; Moore Alton "Slim": trne; Porter Gene: cl, ten; Ashby Inrving: chit; Stewart Slam: cb; Singleton Zutty: batt</subfield>
  </datafield>
  <datafield tag="650" ind1=" " ind2=" ">
    <subfield code="a">JAZZ [DISCHI]</subfield>
    <subfield code="e">Codice MATERIA SPICS: 9950</subfield>
    <subfield code="9">13870</subfield>
  </datafield>
  <datafield tag="700" ind1=" " ind2=" ">
    <subfield code="a">Waller Thomas Fats</subfield>
    <subfield code="g">Codice interprete SPICS: 15948</subfield>
    <subfield code="9">13871</subfield>
    <subfield code="e">Interprete</subfield>
  </datafield>
  <datafield tag="700" ind1=" " ind2=" ">
    <subfield code="a">Thomas Geo W.</subfield>
    <subfield code="g">Codice autore musica SPICS: 27885</subfield>
    <subfield code="e">Autore musica</subfield>
    <subfield code="p">Muscle Shoals Blues</subfield>
    <subfield code="9">13872</subfield>
  </datafield>
  <datafield tag="700" ind1=" " ind2=" ">
    <subfield code="a">Waller Thomas Fats</subfield>
    <subfield code="g">Codice autore musica SPICS: 15948</subfield>
    <subfield code="e">Autore musica</subfield>
    <subfield code="p">Squeeze Me - Clothes Line Ballet - Lonesome Road - A Hopeless Love Affair - The Jitterbug Waltz - Ain't Misbehavin' </subfield>
    <subfield code="9">13873</subfield>
  </datafield>
  <datafield tag="700" ind1=" " ind2=" ">
    <subfield code="a">Handy William Christopher</subfield>
    <subfield code="g">Codice autore musica SPICS: 10730</subfield>
    <subfield code="e">Autore musica</subfield>
    <subfield code="p">Saint Louis Blues</subfield>
    <subfield code="9">13874</subfield>
  </datafield>
  <datafield tag="700" ind1=" " ind2=" ">
    <subfield code="a">Carmichael Hoagy</subfield>
    <subfield code="g">Codice autore musica SPICS: 10736</subfield>
    <subfield code="e">Autore musica</subfield>
    <subfield code="p">Stardust - Rockin Chair</subfield>
    <subfield code="9">13875</subfield>
  </datafield>
  <datafield tag="700" ind1=" " ind2=" ">
    <subfield code="a">Parish Mitchell</subfield>
    <subfield code="g">Codice autore SPICS: 23767</subfield>
    <subfield code="e">Autore</subfield>
    <subfield code="p">Stardust</subfield>
    <subfield code="9">13876</subfield>
  </datafield>
  <datafield tag="700" ind1=" " ind2=" ">
    <subfield code="a">Austin John Langshaw</subfield>
    <subfield code="g">Codice autore musica SPICS: 9727</subfield>
    <subfield code="e">Autore musica</subfield>
    <subfield code="p">Lonesome Road</subfield>
    <subfield code="9">13877</subfield>
  </datafield>
  <datafield tag="700" ind1=" " ind2=" ">
    <subfield code="a">Shilkret</subfield>
    <subfield code="g">Codice autore SPICS: 21869</subfield>
    <subfield code="e">Autore</subfield>
    <subfield code="p">Lonesome Road</subfield>
    <subfield code="9">13878</subfield>
  </datafield>
  <datafield tag="700" ind1=" " ind2=" ">
    <subfield code="a">Williams Clarence</subfield>
    <subfield code="g">Codice autore musica SPICS: 13039</subfield>
    <subfield code="e">Autore musica</subfield>
    <subfield code="p">Royal Garden Blues</subfield>
    <subfield code="9">13879</subfield>
  </datafield>
  <datafield tag="700" ind1=" " ind2=" ">
    <subfield code="a">Forsythe Reginald</subfield>
    <subfield code="g">Codice autore musica SPICS: 27886</subfield>
    <subfield code="e">Autore musica</subfield>
    <subfield code="p">Serenade For a Wealthy Widow</subfield>
    <subfield code="9">13880</subfield>
  </datafield>
  <datafield tag="700" ind1=" " ind2=" ">
    <subfield code="a">Dubin A.</subfield>
    <subfield code="g">Codice autore musica SPICS: 15703</subfield>
    <subfield code="e">Autore musica</subfield>
    <subfield code="p">Sweet and Slow</subfield>
    <subfield code="9">13881</subfield>
  </datafield>
  <datafield tag="700" ind1=" " ind2=" ">
    <subfield code="a">Warren</subfield>
    <subfield code="g">Codice autore SPICS: 20172</subfield>
    <subfield code="e">Autore</subfield>
    <subfield code="p">Sweet and Slow</subfield>
    <subfield code="9">13882</subfield>
  </datafield>
  <datafield tag="700" ind1=" " ind2=" ">
    <subfield code="a">Young Joseph</subfield>
    <subfield code="g">Codice autore musica SPICS: 16462</subfield>
    <subfield code="e">Autore musica</subfield>
    <subfield code="p">I'm Gonna Sit Right Down and Write Myself a Letter</subfield>
    <subfield code="9">13883</subfield>
  </datafield>
  <datafield tag="700" ind1=" " ind2=" ">
    <subfield code="a">Ahlert F.E.</subfield>
    <subfield code="g">Codice autore SPICS: 27887</subfield>
    <subfield code="e">Autore</subfield>
    <subfield code="p">I'm Gonna Sit Right Down and Write Myself a Letter</subfield>
    <subfield code="9">13884</subfield>
  </datafield>
  <datafield tag="700" ind1=" " ind2=" ">
    <subfield code="a">Razaf Andy</subfield>
    <subfield code="g">Codice autore SPICS: 10573</subfield>
    <subfield code="e">Autore</subfield>
    <subfield code="p">A Hopeless Love Affair - Ain't Misbehavin'</subfield>
    <subfield code="9">13885</subfield>
  </datafield>
  <datafield tag="700" ind1=" " ind2=" ">
    <subfield code="a">Garrett Siedah</subfield>
    <subfield code="g">Codice autore musica SPICS: 21778</subfield>
    <subfield code="e">Autore musica</subfield>
    <subfield code="p">Blues</subfield>
    <subfield code="9">13886</subfield>
  </datafield>
  <datafield tag="700" ind1=" " ind2=" ">
    <subfield code="a">Wand</subfield>
    <subfield code="g">Codice autore SPICS: 20644</subfield>
    <subfield code="e">Autore</subfield>
    <subfield code="p">Blues</subfield>
    <subfield code="9">13887</subfield>
  </datafield>
  <datafield tag="700" ind1=" " ind2=" ">
    <subfield code="a">Benson A.</subfield>
    <subfield code="g">Codice autore musica SPICS: 27888</subfield>
    <subfield code="e">Autore musica</subfield>
    <subfield code="p">Your Feet's Too Big</subfield>
    <subfield code="9">13888</subfield>
  </datafield>
  <datafield tag="700" ind1=" " ind2=" ">
    <subfield code="a">Fisher Fred</subfield>
    <subfield code="g">Codice autore SPICS: 27889</subfield>
    <subfield code="e">Autore</subfield>
    <subfield code="p">Your Feet's Too Big</subfield>
    <subfield code="9">13889</subfield>
  </datafield>
  <datafield tag="700" ind1=" " ind2=" ">
    <subfield code="a">Brooks Harry</subfield>
    <subfield code="g">Codice autore testo/musica SPICS: 18872</subfield>
    <subfield code="e">Autore testo/musica</subfield>
    <subfield code="p">Ain't Misbehavin'</subfield>
    <subfield code="9">13890</subfield>
  </datafield>
  <datafield tag="942" ind1=" " ind2=" ">
    <subfield code="c">MD</subfield>
    <subfield code="2">ddc</subfield>
  </datafield>
  <datafield tag="952" ind1=" " ind2=" ">
    <subfield code="0">0</subfield>
    <subfield code="1">0</subfield>
    <subfield code="4">0</subfield>
    <subfield code="6">25699_000000000000000</subfield>
    <subfield code="7">1</subfield>
    <subfield code="a">SPICS</subfield>
    <subfield code="b">SPICS</subfield>
    <subfield code="d">2013-10-25</subfield>
    <subfield code="l">0</subfield>
    <subfield code="o">25699</subfield>
    <subfield code="r">2013-10-25 00:00:00</subfield>
    <subfield code="w">2013-10-25</subfield>
    <subfield code="y">MD</subfield>
    <subfield code="z">Progr. Ins.: 5573 / N.Vol.: 1 / Copie: 1 - Copia rara: n.d. / date import: 01.01.2014 - By Epidotti, Trombetti, Vaglietti</subfield>
  </datafield>
</record>
